Miasta w Kanadzie - Nagła Śmierć - Statystyki

Ogólne statystyki
  • Ten quiz został rozwiązany 106 razy
    62 od ostatniego zresetowania
  • Średni wynik to 9 z 24
Answers on the Grid
Answers color-coded by a green-red scale on the quiz's grid according to % correct below.
Blackpool
Calgary
Charlottetown
Chilliwack
Christchurch
Darwin
Duluth
Fargo
Fort McMurray
Galway
Halifax
Hamilton
Helena
Ice Harbor
Kamloops
Kitchener
Le Havre
Moncton
Montreal
Moose Jaw
Niagara Falls
Oswego
Ottawa
Red Deer
Regina
Saskatoon
St. John's
Sudbury
Tacoma
Thunder Bay
Trois-Rivières
Vancouver
Victoria
Villeurbanne
Windsor
Winnipeg
 
Statystyki odpowiedzi
Odpowiedź % Poprawnych
Ottawa
95%
Vancouver
86%
Calgary
77%
Montreal
77%
Winnipeg
64%
Victoria
50%
Hamilton
45%
Niagara Falls
45%
Saskatoon
45%
Charlottetown
41%
Halifax
41%
Regina
36%
Windsor
36%
Moose Jaw
32%
St. John's
27%
Red Deer
18%
Trois-Rivières
18%
Chilliwack
14%
Moncton
14%
Thunder Bay
14%
Fort McMurray
9%
Sudbury
9%
Kitchener
5%
Kamloops
0%
Nie znaleziono quizów pasujących do podanych kryteriów
Rozkład punktacji
Procent ludzi z każdym wynikiem
Percentyl według liczby udzielonych odpowiedzi
Twoja historia wyników
Nie rozwiązałeś tego quizu od ostatniego zresetowania